Perspectivas de la comedia (Registro nro. 15575)

Detalles MARC
000 -CABECERA
Longitud fija campo de control 00695nam a22002051 4500
001 - NÚMERO DE CONTROL
Número de control bimo0001301088
003 - IDENTIFICADOR DELl NÚMERO DE CONTROL
Identificador del número de control OSt
005 - FECHA Y HORA DE LA ÚLTIMA TRANSACCIÓN
Fecha y hora de la última transacción 20141201144729.0
008 - CÓDIGOS DE INFORMACIÓN DE LONGITUD FIJA
Códigos de información de longitud fija 960922s1978 xxu eng
020 ## - NÚMERO INTERNACIONAL NORMALIZADO PARA LIBROS
Número Internacional Normalizado para Libros (ISBN) 84-7039-281-6
040 ## - FUENTE DE LA CATALOGACIÓN
Centro transcriptor BMC
082 ## - NÚMERO DE LA CLASIFICACIÓN DECIMAL DEWEY
Númeroo de clasificación 867.09031869
245 10 - MENCIÓN DE TÍTULO
Título Perspectivas de la comedia
Resto del título : colección de ensayos dobre el teatro de Lope, G. de Castro, Calderón y otros
Mención de responsabilidad, etc. reunidos bajo la dirección de Alva. V. Ebersole
260 ## - PUBLICACIÓN, DISTRIBUCIÓN, ETC. (PIE DE IMPRENTA)
Lugar de publicación, distribución, etc. España
Nombre del editor, distribuidor, etc. Estudios de Hispanófila
Fecha de publicación, distribución, etc. 1978
300 ## - DESCRIPCIÓN FÍSICA
Extensión 143 p.
Dimensiones 22 cm
490 0# - MENCIÓN DE SERIE
Mención de serie Siglo de Oro
Designación de volumen o secuencia 6
650 24 - PUNTO DE ACCESO ADICIONAL DE MATERIA - TÉRMINO DE MATERIA
Término de materia o nombre geográfico como elemento inicial Comedia española
Subdivisión cronológica S. XVI - XVIII
Subdivisión de materia general Historia y crítica
9 (RLIN) 28096
700 1# - PUNTO DE ACCESO ADICIONAL - NOMBRE DE PERSONA
Nombre de persona Ebersole, Alva V.
9 (RLIN) 28097
942 ## - ENTRADA DE ELEMENTOS AGREGADOS (KOHA)
Fuente de clasificaión o esquema Dewey Decimal Classification
Koha [por defecto] tipo de item 1- Monografias
Existencias
Suprimido Perdido Fuente de clasificación o esquema Estropeado Restricciones de uso No para préstamo Código de colección Localización permanente Localización actual Localización en estanter&íacute;as Fecha adquisición Fuente de adquisición Número de inventario Préstamos totales Signatura completa Código de barras Fecha última consulta Fecha del precio de reemplazo Tipo de item de Koha
NULL NULL Dewey Decimal Classification NULL Prestable NULL NULL Biblioteca Miguel de Cervantes - UNICAES Biblioteca Miguel de Cervantes - UNICAES Sala Principal 04/03/1999 Donación - Marco Rene Revelo 024478   867.09 PER 1024888 11/11/2014 11/11/2014 1- Monografias